Catálogo
 En Linea

Debe abolirse el derecho a la reserva, en la sucesión de los hijos lejitimos y de los ascendientes, consagrado por el sistema seguido en la legislación dominicana / (Registro nro. 31871)

Detalles MARC
000 -CABECERA
campo de control de longitud fija 00746nam a2200169 a 4500
001 - NÚMERO DE CONTROL
campo de control 000032380
005 - FECHA Y HORA DE LA ÚLTIMA TRANSACCIÓN
campo de control 20200930065618.0
008 - DATOS DE LONGITUD FIJA--INFORMACIÓN GENERAL
campo de control de longitud fija 110715s1914 dr 000 0 spa d
040 ## - FUENTE DE LA CATALOGACIÓN
Centro catalogador/agencia de origen DO-SdBNP
Lengua de catalogación spa
Centro/agencia transcriptor BNPHU
082 ## - NÚMERO DE LA CLASIFICACIÓN DECIMAL DEWEY
Número de clasificación xxxx
Número de documento/Ítem M516d
049 ## - FONDOS LOCALES (OCLC)
Fondos de biblioteca BNPD
100 1# - ENTRADA PRINCIPAL--NOMBRE DE PERSONA
Nombre de persona Mejía, Gustavo Adolfo
9 (RLIN) 58340
245 10 - MENCIÓN DE TÍTULO
Título Debe abolirse el derecho a la reserva, en la sucesión de los hijos lejitimos y de los ascendientes, consagrado por el sistema seguido en la legislación dominicana /
Mención de responsabilidad, etc. Gustavo Adolfo Mejía.
260 ## - PUBLICACIÓN, DISTRIBUCIÓN, ETC.
Lugar de publicación, distribución, etc. Santo Domingo :
Nombre del editor, distribuidor, etc. Imp. Cuna de América,
Fecha de publicación, distribución, etc. 1914.
300 ## - DESCRIPCIÓN FÍSICA
Extensión 106 p. ;
Dimensiones 23 cm.
502 ## - NOTA DE TESIS
Nota de tesis Presentado originalmemte como tesis del autor -- Intituto Profesional de Santo Domingo. Facultad de Derecho Civil, Santo Domingo, 1914.
Existencias
Estado de retiro Estado de pérdida No para préstamo Código de colección Localización permanente Ubicación/localización actual Ubicación en estantería Fecha de adquisición Número de inventario Total de préstamos Signatura topográfica completa Código de barras Fecha visto por última vez Precio válido a partir de Tipo de ítem Koha Nota pública
    Excluido de préstamo Patrimonio Dominicano Patrimonio Dominicano Patrimonio Dominicano En catalogación 15.07.2011 LF1   xxxx M516d 32380-10 25.06.2020 25.06.2020 Libro y Folleto Colección Patrimonio Dominicano Perteneció a la biblioteca personal de Carlos Larrazábal Blanco

Con tecnología Koha